000 01077nam a2200313 i 4500
001 432
003 KOSZ 005
005 20220323134818.0
008 040405s1975 pl a |000 0 pol
015 _aPB 1975/7873
035 _a(OCoLC)749496691
040 _aWA N
_cWA N
_dKOSZ 005/EG
041 0 _apol
046 _k1975
080 _a699.8
100 1 _aDanilecki, Władysław
_eAutor
245 1 0 _aIzolacje przeciwwilgociowe :
_bmateriały, projektowanie i wykonawstwo izolacji konstrukcji /
_cWładysław Danilecki, Maciej Mączyński.
250 _aWyd. 3 uaktual.
260 _aWarszawa :
_b"Arkady",
_c1975.
300 _aXIII, [1], 535, [1] s., 2 s. tabl. :
_bil., tab., wykr. ;
_c24 cm.
380 _aKsiążki.
504 _aBibliogr.
650 4 _aHydroizolacje
658 _aArchitektura i budownictwo
700 1 _aMączyński, Maciej
_d(1899-1987)
_eAutor
710 2 _aWydawnictwo "Arkady".
_4pbl.
856 _uhttp://koha.tu.koszalin.pl/cgi-bin/koha/opac-detail.pl?biblionumber=432
_yKatalog online BPK
942 _2UKD
_cKS
999 _c432
_d432